|
|
|
|
| LEADER |
00848nam a2200217 a 4500 |
| 001 |
000620312 |
| 003 |
CZ BrMZK |
| 005 |
20020902092434.0 |
| 008 |
020902s1935 xr f cze d |
| 040 |
|
|
|a BOA001
|b cze
|c BOA001
|
| 100 |
1 |
|
|a Zeman, Josef,
|d 1867-1961
|7 jk01152472
|4 aut
|
| 245 |
1 |
0 |
|a Kultura slepců :
|b glosy k mezinárodní výstavě slepeckého tisku /
|c Josef Zeman
|
| 260 |
|
|
|a Praha :
|b Společnost pro péči o slabomyslné v R. Č. S.,
|c 1935
|
| 300 |
|
|
|a 28 s.
|
| 490 |
1 |
|
|a Knihovna úchylné mládeže ;
|v sv. 17
|
| 830 |
|
0 |
|a Knihovna úchylné mládeže
|
| 910 |
|
|
|a BOA001
|b PK-II-0012.734
|
| 964 |
|
|
|a Slepci - kultuta - přehledy
|
| 964 |
|
|
|a Mezinárodní výstava slepeckého tisku - Praha - 1935 - přehledy
|
| 990 |
|
|
|a BK
|
| 996 |
7 |
|
|b 3119932712
|c PK-II-0012.734
|l MZK
|r Sklad / do 1 hodiny
|n 5
|w 000620312
|u 000010
|a 1
|e BOA001
|j MZK50
|s A
|